|
|
|
|
| LEADER |
00000nam0a2200000 4500 |
| 001 |
332754 |
| 005 |
20231102004504.0 |
| 035 |
|
|
|a (RuTPU)RU\TPU\book\358726
|
| 090 |
|
|
|a 332754
|
| 100 |
|
|
|a 20170530d1970 m y0rusy50 ca
|
| 101 |
0 |
|
|a rus
|
| 102 |
|
|
|a RU
|
| 105 |
|
|
|a a j 001zy
|
| 200 |
1 |
|
|a Расчет оснований сооружений. (Пособие по проектированию)
|f В. Г. Березанцев
|
| 210 |
|
|
|a Ленинград
|c Стройиздат
|d 1970
|
| 215 |
|
|
|a 207 с.
|c ил.
|
| 320 |
|
|
|a Библиогр.: с. 201-205
|
| 606 |
1 |
|
|a Основания и фундаменты
|x Расчет
|x Проектирование
|2 stltpush
|3 (RuTPU)RU\TPU\subj\68928
|9 83991
|
| 610 |
1 |
|
|a сооружения
|
| 610 |
1 |
|
|a сопротивление
|
| 610 |
1 |
|
|a методика
|
| 610 |
1 |
|
|a характеристики
|
| 610 |
1 |
|
|a прочность
|
| 610 |
1 |
|
|a деформации
|
| 610 |
1 |
|
|a плотность
|
| 610 |
1 |
|
|a грунты
|
| 610 |
1 |
|
|a фундаменты
|
| 610 |
1 |
|
|a осадки
|
| 610 |
1 |
|
|a сдвиги
|
| 610 |
1 |
|
|a пособия
|
| 675 |
|
|
|a 624.15.04
|v 4
|
| 700 |
|
1 |
|a Березанцев
|b В. Г.
|g Всеволод Глебович
|
| 801 |
|
1 |
|a RU
|b 63413507
|c 20170530
|
| 801 |
|
2 |
|a RU
|b 63413507
|c 20220505
|g RCR
|
| 942 |
|
|
|c BK
|